| 000 | 01177nam a22002057a 4500 | ||
|---|---|---|---|
| 003 | JO-AjAnu | ||
| 005 | 20250929131603.0 | ||
| 008 | 250928b jo ||||| |||| 00| 0 ara d | ||
| 040 |
_aJO-AjAnu _bara _cJO-AjAnu _dJO-AjAnu _erda |
||
| 041 | 0 |
_aara _hara |
|
| 050 |
_aHG1615.5 _b2025 |
||
| 100 | 1 |
_aالعنانزة، غسان فارس _eمعد _966675 |
|
| 245 | 0 |
_aالتدريب الإلكتروني وأثره على زيادة كفاءة العاملين في المصارف الإسلامية الأردنية = Electronic Training and its Impact on Increasing the Efficiency of Employees in Jordanian Islamic Banks / _cاعداد غسان فارس العنانزة ؛ اشراف قاسم موسى ابو عبيد |
|
| 260 | _a2025 | ||
| 300 | _a138 ورقة | ||
| 504 | _aرسالة جامعية( رسالة ماجستير في المصارف الاسلامية)- جامعة عجلون الوطنية(عجلون، الاردن)- كلية الاعمال، قسم المصارف الاسلامية، 2025. | ||
| 650 | 7 | 0 |
_aالبنوك الاسلامية - الموظفين. _966676 |
| 700 | 1 |
_aابو عبيد، قاسم موسى _eمشرف _966677 |
|
| 942 |
_2lcc _cTHS _n0 |
||
| 999 |
_c33998 _d33998 |
||